| 000 | 00604nam a2200193Ia 4500 | ||
|---|---|---|---|
| 005 | 20260114185808.0 | ||
| 008 | 008 260114s9999 xx 000 0 eng d | ||
| 020 | _a9781350986619 | ||
| 037 | _aEBOOK | ||
| 040 |
_aCRL _beng _cCRL |
||
| 041 |
_aeng _2eng |
||
| 084 | _qCRL | ||
| 100 |
_aVictoria Cann _9874496 |
||
| 245 | 0 | _aGirls Like This, Boys Like That The Reproduction of Gender in Contemporary Youth Cultures | |
| 260 |
_bBloomsbury _c2018 |
||
| 856 | _uhttps://doi.org/10.5040/9781350986619?locatt=label:secondary_bloomsburyCollections | ||
| 942 | _cEBOOK | ||
| 999 |
_c1473430 _d1473430 |
||